000 00662nam a2200217Ia 4500
005 20250508164638.0
008 008 250505s9999 xx 000 0 eng d
020 _a978-0-415-40806-6
037 _aTextual
040 _aFEDL
_beng
_cFEDL
041 _aeng
_2eng
084 _a370.151, ARN
_qFEDL
100 _aArnot Madeleine
245 0 _aEducating the gendered citizen: Sociological engagements with national and global agendas
260 _aLondon, UK
_bRoutledge
_c2009
300 _axi,260p.
365 _aGBP
_b22.99
650 _aEducation and globalization
_9778721
942 _cTEXL
_h370.151, ARN
999 _c1390307
_d1390307